| 000 | 00473nam a2200193Ia 4500 | ||
|---|---|---|---|
| 008 | 170203s9999 xx 000 0 und d | ||
| 020 | _a1933405384 | ||
| 050 | _a372.623 | ||
| 050 | _b.R287 2006 | ||
| 245 | _aTime for Kids : | ||
| 245 | _bReady, Set, Write! / | ||
| 245 | _cEditors of the time for Kids. | ||
| 260 | _aNew York : | ||
| 260 | _bTime for kids Books. | ||
| 260 | _c2006 | ||
| 300 | _a112 pages : | ||
| 300 | _billustrations ; | ||
| 300 | _c24 cm. | ||
| 999 |
_c305458 _d305458 |
||